01574nam2a22002531 4500001001100000005001700011021001900028035002600047100004100073101000800114102000700122105001800129200024400147210007400391215001800465461060600483517003101089517001901120517004101139702007701180801001801257801002201275852002301297rc\407635520250611081934.0 aRUb[50-13397] a(NLR Aleph) 008123075 a20130415d1950 |||y0rusy50 ca0 arus aRU aa z |||||1 aБлоки. Тали. Кошки. Лебедкиf[Сост.: инж. С.А. Добронравов]gМ-во тяжелого машиностроения СССР. Гл. упр. подъемно-трансп. машиностроения aМоскваcИзд-во и 1-я тип. Машгиза в Л.d1950 a16 с.cил. 01001rc\407635212001#$aПодъемно-транспортное оборудование$eКаталог-справочник$f[Отв. ред. инж. П.И. Бурмистров]$gМ-во тяжелого машиностроения СССР. Гл. упр. подъемно-трансп. машиностроения "ГУПТМаш". Вып. 1-$vВып. 4cМоскваd1950f[Отв. ред. инж. П.И. Бурмистров]nИзд-во и 1-я тип. Машгиза в Л.oКаталог-справочникtПодъемно-транспортное оборудованиеvВып. 40 aКошки. Лебедки0 aЛебедки0 aТали. Кошки. Лебедки 1aДобронравовbС.А.gСергей Алексеевич4220 0aRUbNLRgpsbo 1aRUbELAR2rusmarc aNLRjТ86 Г-8/162